Southville International School and Colleges
Your cart is empty.
  • Cart
  • Lists
    Public lists Eva Luna New books Lux_list list_1
    Your lists Log in to create your own lists
  • Log in to your account
  • Your cookies
  • Search history
Southville International School and Colleges
  • Advanced search
  • Recent comments
  • Most popular
  • Libraries

Log in to your account

Log in with GOOGLE


If you do not have an external account, but do have a local account, you can still log in:

  1. Home
  2. MARC view: History of the Americas, 1880–1987 :
Normal view MARC view ISBD view

History of the Americas, 1880–1987 : (Record no. 367591)

[ view plain ]
MARC details
000 -LEADER
fixed length control field 00908nam a22002177a 4500
003 - CONTROL NUMBER IDENTIFIER
control field 0
005 - DATE AND TIME OF LATEST TRANSACTION
control field 20250822160031.0
008 - FIXED-LENGTH DATA ELEMENTS--GENERAL INFORMATION
fixed length control field 250822b xxu||||| |||| 00| 0 eng d
020 ## - INTERNATIONAL STANDARD BOOK NUMBER
International Standard Book Number 978-0-19-831023-5
050 ## - LIBRARY OF CONGRESS CALL NUMBER
Classification number TR IB E 183
Item number .H57 2015
245 ## - TITLE STATEMENT
Title History of the Americas, 1880–1987 :
Remainder of title IB diploma programme /
Statement of responsibility, etc Alexis Mamaux, David M. Smith, Mark Rogers, Yvonne Berliner, Shannon, Leggett, & Matt Borgmann.
260 ## - PUBLICATION, DISTRIBUTION, ETC. (IMPRINT)
Place of publication, distribution, etc Oxford, United Kingdom :
Name of publisher, distributor, etc Oxford University Press,
Date of publication, distribution, etc 2015.
300 ## - PHYSICAL DESCRIPTION
Extent viii, 504 pages :
Other physical details color illustrations ;
Dimensions 28 cm.
500 ## - GENERAL NOTE
General note Oxford IB Diploma Programme.
504 ## - BIBLIOGRAPHY, ETC. NOTE
Bibliography, etc Includes bibliographical references and index.
650 ## - SUBJECT ADDED ENTRY--TOPICAL TERM
Topical term or geographic name as entry element America
Form subdivision History
-- 19th century
-- Textbooks.
650 ## - SUBJECT ADDED ENTRY--TOPICAL TERM
Topical term or geographic name as entry element America
Form subdivision History
-- 20th century
-- Textbooks.
650 ## - SUBJECT ADDED ENTRY--TOPICAL TERM
Topical term or geographic name as entry element United States
Form subdivision History
-- 1865–1921
-- Textbooks.
650 ## - SUBJECT ADDED ENTRY--TOPICAL TERM
Topical term or geographic name as entry element Latin America
Form subdivision History
-- Textbooks.
942 ## - ADDED ENTRY ELEMENTS (KOHA)
Source of classification or shelving scheme Library of Congress Classification
Koha item type Books
Holdings
Withdrawn status Lost status Source of classification or shelving scheme Damaged status Home library Current library Shelving location Date acquired Source of acquisition Total Checkouts Full call number Barcode Date last seen Price effective from Koha item type
    Library of Congress Classification   Luxembourg Library Luxembourg Library Teachers Reference Section 08/11/2025 Library Fund   TR IB E 183 .H57 2015 IB0339 08/22/2025 08/22/2025 Books

History of the Americas, 1880–1987 :

APA

(2015). History of the Americas, 1880–1987. Oxford, United Kingdom: Oxford University Press.

Chicago

2015. History of the Americas, 1880–1987. Oxford, United Kingdom: Oxford University Press.

Harvard

(2015). History of the Americas, 1880–1987. Oxford, United Kingdom: Oxford University Press.

MLA

History of the Americas, 1880–1987. Oxford, United Kingdom: Oxford University Press. 2015.

  • Place hold
  • Print
  • Cite
  • Add to your cart (remove)
  • Save record
    BIBTEX Dublin Core MARCXML MARC (non-Unicode/MARC-8) MARC (Unicode/UTF-8) MARC (Unicode/UTF-8, Standard) MODS (XML) RIS
  • More searches
    Search for this title in:
    Other Libraries (WorldCat) Other Databases (Google Scholar) Online Stores (Bookfinder.com) Open Library (openlibrary.org)

Exporting to Dublin Core...

SOUTHVILLE LIBRARY

Southville International School and Colleges Library

1281 Tropical Ave. Cor. Luxembourg St., BF Homes International, Las Pinas City

Tel. No. 8256374 / 252358 Loc. 117/146

Powered by Koha